| 000 | 00458nam a2200181Ia 4500 | ||
|---|---|---|---|
| 008 | 191130s2009##################000#0#eng## | ||
| 020 | _a9781860495243 | ||
| 022 | _a98043836 | ||
| 040 |
_aACL _cACL |
||
| 082 | _a823.914 WAT | ||
| 100 | _aWaters, Sarah | ||
| 245 |
_aTipping the velvet _cSarah Waters |
||
| 260 |
_aLondon _bVirago _c2009 |
||
| 300 | _a472 p. ; 23 cm | ||
| 990 | _a1823a069ac10000c30d7693517b282db | ||
| 991 | _a398356 | ||
| 999 |
_c79764 _d79764 |
||